[Event "Play for Durgesh Fundraiser Blitz"]
[Site "Vishy Anand Arena"]
[Date "2020.09.19"]
[Round "4"]
[White "Rahulyadav"]
[Black "abhi_golu"]
[Result "1-0"]
[WhiteElo "1695"]
[BlackElo "1586"]
[Annotator "NA"]
[PlyCount "103"]
[EventDate "2020.09.19"]
[EventType "swiss (blitz)"]

1. d4 d5 2. Bf4 Nf6 3. e3 c6 4. c3 Bf5 5. Bd3 Bxd3 6. Qxd3 Nbd7 7. Nd2 Nh5 8. Bg5 Nhf6 9. Bf4 Nh5 10. Bg5 Nhf6 11. Ngf3 e6 12. Bf4 Be7 13. h3 a6 14. O-O Rc8 15. Rfe1 O-O 16. e4 dxe4 17. Nxe4 Nxe4 18. Qxe4 Nf6 19. Qe2 Bd6 20. Bg5 Be7 21. Rad1 Re8 22. c4 Qa5 23. b3 Rcd8 24. Ne5 h6 25. Bf4 b5 26. Nxc6 Qb6 27. Nxd8 Rxd8 28. cxb5 axb5 29. Be5 Nd5 30. Qg4 Bf6 31. Bxf6 Nxf6 32. Qf4 Qa6 33. Re2 Qa3 34. Rc2 Rd5 35. Rdc1 Kh7 36. Qe3 Qa5 37. Qd2 Qa7 38. Rc7 Qa3 39. Qd3+ Kh8 40. Rc8+ Ng8 41. R1c2 g6 42. h4 Kg7 43. R8c7 Nf6 44. R7c5 Rd7 45. Rxb5 Qa8 46. Qf3 Qd8 47. Qe3 Rxd4 48. Rbc5 Rd1+ 49. Kh2 Qd6+ 50. Qg3 Qd7 51. Rc7 Rd5 52. Qf3 1-0

[Event "Play for Durgesh Fundraiser Blitz"]
[Site "Vishy Anand Arena"]
[Date "2020.09.19"]
[Round "4"]
[White "Hrishikeshrr"]
[Black "Niru_g"]
[Result "1-0"]
[WhiteElo "1694"]
[BlackElo "1620"]
[Annotator "NA"]
[PlyCount "89"]
[EventDate "2020.09.19"]
[EventType "swiss (blitz)"]

1. e4 c6 2. d4 d5 3. Bd3 dxe4 4. Bxe4 Nf6 5. Bf3 Bf5 6. Ne2 e6 7. Ng3 Bg6 8. h4 h6 9. c4 Bd6 10. Ne2 O-O 11. Nbc3 Nbd7 12. Be3 Qc7 13. g4 c5 14. d5 e5 15. g5 e4 16. gxf6 exf3 17. fxg7 Kxg7 18. Ng1 Ne5 19. Nxf3 Nxc4 20. h5 Nxe3 21. fxe3 Bg3+ 22. Kf1 Bf5 23. Rg1 Kh7 24. e4 Bh3+ 25. Ke2 Rg8 26. Qd3 c4 27. Qc2 Kh8 28. Qd2 Bf4 29. Qd4+ Kh7 30. e5 Rxg1 31. Rxg1 Rg8 32. Rxg8 Kxg8 33. Qxf4 Kh7 34. d6 Qd7 35. Ne4 Bf5 36. Nf6+ Kg7 37. Nh4 Qe6 38. Nxf5+ Qxf5 39. Qxh6+ Kxh6 40. Ng8+ Kxh5 41. Nf6+ Kg5 42. Ne4+ Kf4 43. Kd2 Kxe4 44. Kc3 Qf2 45. Kxc4 1-0

[Event "Play for Durgesh Fundraiser Blitz"]
[Site "Vishy Anand Arena"]
[Date "2020.09.19"]
[Round "4"]
[White "Mukunda2507"]
[Black "tacticabd"]
[Result "0-1"]
[WhiteElo "1684"]
[BlackElo "1767"]
[Annotator "NA"]
[PlyCount "96"]
[EventDate "2020.09.19"]
[EventType "swiss (blitz)"]

1. e4 e6 2. d4 d5 3. e5 c5 4. c3 Nc6 5. Be3 Nge7 6. Nf3 Qb6 7. Qd2 Nf5 8. Bd3 cxd4 9. cxd4 Bd7 10. Bxf5 exf5 11. Nc3 Bb4 12. O-O Qa5 13. a3 Bxc3 14. bxc3 b6 15. c4 dxc4 16. d5 Qxd2 17. Bxd2 Ne7 18. d6 Nd5 19. Rac1 Rc8 20. Rfd1 Ba4 21. Re1 Bd7 22. Nd4 Be6 23. Bc3 Kd7 24. h3 h5 25. a4 Rc5 26. Nb5 a6 27. Nd4 Rhc8 28. Re2 g6 29. Nf3 b5 30. axb5 axb5 31. Bd4 R5c6 32. Rb1 b4 33. Nd2 c3 34. Nb3 Ra6 35. Nc5+ Rxc5 36. Bxc5 Ra4 37. Rc2 f4 38. Bxb4 Bf5 39. Rxc3 Nxc3 40. Rc1 Ne2+ 41. Kf1 Nxc1 42. Bc3 Rc4 43. Bb2 Nd3 44. Ba3 Rc3 45. f3 Rxa3 46. Ke2 Ra2+ 47. Kd1 Be6 48. g4 Bb3# 0-1

[Event "Play for Durgesh Fundraiser Blitz"]
[Site "Vishy Anand Arena"]
[Date "2020.09.19"]
[Round "4"]
[White "reymysterio"]
[Black "Boonrook"]
[Result "1-0"]
[WhiteElo "1683"]
[BlackElo "1320"]
[Annotator "NA"]
[PlyCount "77"]
[EventDate "2020.09.19"]
[EventType "swiss (blitz)"]

1. c4 e5 2. g3 g6 3. Bg2 Bg7 4. Nc3 Nf6 5. e4 d6 6. Nge2 O-O 7. O-O c6 8. d3 Be6 9. f4 Nbd7 10. f5 gxf5 11. exf5 Bxf5 12. Rxf5 d5 13. cxd5 cxd5 14. d4 e4 15. Bg5 Re8 16. Nxd5 Kh8 17. Nec3 Rc8 18. Nxe4 Qa5 19. Nexf6 Nxf6 20. Bxf6 Bxf6 21. Rxf6 Red8 22. Rxf7 Rxd5 23. Bxd5 Qxd5 24. Qf3 Qxd4+ 25. Qf2 Qxf2+ 26. Rxf2 b5 27. Raf1 a5 28. Rf8+ Rxf8 29. Rxf8+ Kg7 30. Ra8 a4 31. Ra5 b4 32. Rxa4 b3 33. axb3 Kf6 34. Rc4 Ke6 35. Kf2 Kd6 36. Ke3 Kd5 37. Kd3 Kd6 38. b4 Kd7 39. b5 1-0

[Event "Play for Durgesh Fundraiser Blitz"]
[Site "Vishy Anand Arena"]
[Date "2020.09.19"]
[Round "4"]
[White "BalbirSinghRana"]
[Black "CHARVITHA"]
[Result "1-0"]
[WhiteElo "1677"]
[BlackElo "1304"]
[Annotator "NA"]
[PlyCount "33"]
[EventDate "2020.09.19"]
[EventType "swiss (blitz)"]

1. e4 e5 2. Nf3 Nc6 3. Bc4 d6 4. d4 Bg4 5. Nc3 Bxf3 6. Qxf3 Nf6 7. O-O exd4 8. Nd5 Qd7 9. Nxf6+ gxf6 10. Qxf6 Rg8 11. Bg5 Ne5 12. Bb3 Qh3 13. f4 Qe3+ 14. Kh1 Qxe4 15. fxe5 Rg7 16. Bxf7+ Rxf7 17. Qxf7# 1-0

[Event "Play for Durgesh Fundraiser Blitz"]
[Site "Vishy Anand Arena"]
[Date "2020.09.19"]
[Round "4"]
[White "Aneesh009"]
[Black "Rohan sri hari"]
[Result "1-0"]
[WhiteElo "1669"]
[BlackElo "1491"]
[Annotator "NA"]
[PlyCount "111"]
[EventDate "2020.09.19"]
[EventType "swiss (blitz)"]

1. e4 e6 2. d4 d5 3. exd5 exd5 4. Nf3 Nf6 5. Bd3 Bd6 6. Be3 c6 7. Bc1 Be6 8. Be3 Qb6 9. b3 Bb4+ 10. Nbd2 Bc3 11. Rb1 Qa5 12. a4 Nbd7 13. O-O O-O 14. Rc1 Bg4 15. Nb1 Bb4 16. c3 Bd6 17. b4 Qc7 18. a5 Bxh2+ 19. Kh1 Ne4 20. Nbd2 Bd6 21. Nxe4 dxe4 22. Bxe4 Rfe8 23. Bd3 Qd8 24. Be2 Bxf3 25. Kg1 Qh4 26. g3 Bxe2 27. Qxe2 Qf6 28. Qc4 a6 29. Qd3 Rad8 30. Qc2 Bc7 31. c4 Nb8 32. Qb3 Qg6 33. b5 Bxg3 34. fxg3 Qxg3+ 35. Kh1 Qxe3 36. Qxe3 Rxe3 37. b6 h6 38. Rce1 Rh3+ 39. Kg2 Rh4 40. Re7 f6 41. Rxb7 Rhxd4 42. Rc7 Rxc4 43. b7 Rc5 44. Rc8 Rcd5 45. Re1 Rd2+ 46. Kf1 R2d3 47. Re8+ Rxe8 48. Rxe8+ Kh7 49. Rxb8 Rd1+ 50. Ke2 Rd3 51. Kxd3 Kg6 52. Rc8 Kh5 53. b8=Q Kg4 54. Qb4+ Kf5 55. Rxc6 Kg6 56. Qg4+ 1-0

[Event "Play for Durgesh Fundraiser Blitz"]
[Site "Vishy Anand Arena"]
[Date "2020.09.19"]
[Round "4"]
[White "Architsaigal"]
[Black "MMT2007"]
[Result "0-1"]
[WhiteElo "1664"]
[BlackElo "1899"]
[Annotator "NA"]
[PlyCount "70"]
[EventDate "2020.09.19"]
[EventType "swiss (blitz)"]

1. e4 c5 2. Nf3 g6 3. c3 Bg7 4. d4 cxd4 5. cxd4 d5 6. e5 Nc6 7. Nc3 Bg4 8. Be2 e6 9. O-O Nge7 10. h3 Bxf3 11. Bxf3 O-O 12. Bg5 h6 13. Be3 Nf5 14. Qd2 f6 15. exf6 Qxf6 16. Rfd1 Ncxd4 17. Bg4 Nxe3 18. fxe3 Nf5 19. Rf1 Rad8 20. Qe2 Qe5 21. Bxf5 exf5 22. Rad1 Rfe8 23. Rf3 Kh7 24. Qb5 d4 25. Qxb7 dxc3 26. Rdf1 cxb2 27. Qxa7 Rb8 28. Rb1 Qe4 29. Rff1 Qxe3+ 30. Qxe3 Rxe3 31. Kf2 Bd4 32. Kg1 Ra3+ 33. Kh2 Rxa2 34. Rfd1 Be5+ 35. g3 Ra1 0-1

[Event "Play for Durgesh Fundraiser Blitz"]
[Site "Vishy Anand Arena"]
[Date "2020.09.19"]
[Round "4"]
[White "Ritwik chess"]
[Black "amurali"]
[Result "0-1"]
[WhiteElo "1662"]
[BlackElo "1556"]
[Annotator "NA"]
[PlyCount "60"]
[EventDate "2020.09.19"]
[EventType "swiss (blitz)"]

1. c4 e5 2. g3 Nf6 3. Bg2 d5 4. cxd5 Nxd5 5. Nc3 Nb6 6. d3 Nc6 7. Nf3 Be7 8. O-O O-O 9. b3 Re8 10. Bb2 Nd4 11. Nxe5 Bf6 12. Nf3 Nxe2+ 13. Nxe2 Bxb2 14. Rb1 Bf6 15. d4 Bf5 16. Rc1 Qe7 17. Re1 Rad8 18. Nc3 Qb4 19. Rxe8+ Rxe8 20. Ne5 Rd8 21. Nf3 c6 22. Qe2 h6 23. Qb2 Bxd4 24. Nxd4 Qxd4 25. Rd1 Qxd1+ 26. Nxd1 Rxd1+ 27. Bf1 Bh3 28. Qe2 Rxf1+ 29. Qxf1 Bxf1 30. Kxf1 Nd5 0-1

[Event "Play for Durgesh Fundraiser Blitz"]
[Site "Vishy Anand Arena"]
[Date "2020.09.19"]
[Round "4"]
[White "skipper_chess"]
[Black "Samriddhaa"]
[Result "0-1"]
[WhiteElo "1660"]
[BlackElo "2005"]
[Annotator "NA"]
[PlyCount "62"]
[EventDate "2020.09.19"]
[EventType "swiss (blitz)"]

1. e4 e6 2. Nf3 d5 3. e5 c5 4. b4 d4 5. bxc5 Bxc5 6. Bb2 Nc6 7. Bb5 Nge7 8. O-O a6 9. Bxc6+ Nxc6 10. d3 O-O 11. Nbd2 Qc7 12. Re1 Rd8 13. Qe2 Rd5 14. Nb3 Ba7 15. Qe4 Qd8 16. Qg4 f5 17. exf6 Qxf6 18. Qe4 Bd7 19. Qe2 Rf8 20. Qd2 Qg6 21. Qe2 e5 22. Ba3 Rf4 23. Bc1 Bh3 24. Qf1 Rxf3 25. Kh1 Qf5 26. gxh3 Rxf2 27. Qg1 Rd6 28. Qg5 Qf3+ 29. Kg1 Rg6 30. Qxg6 hxg6 31. Bg5 Qg2# 0-1

[Event "Play for Durgesh Fundraiser Blitz"]
[Site "Vishy Anand Arena"]
[Date "2020.09.19"]
[Round "4"]
[White "Dhanush2004"]
[Black "Kushal Jani"]
[Result "0-1"]
[WhiteElo "1656"]
[BlackElo "1876"]
[Annotator "NA"]
[PlyCount "124"]
[EventDate "2020.09.19"]
[EventType "swiss (blitz)"]

1. d4 Nf6 2. Bf4 g6 3. Nc3 d5 4. e3 Bg7 5. h4 h5 6. Bd3 c5 7. Nb5 Na6 8. dxc5 Ne4 9. Bxe4 Qa5+ 10. Nc3 Bxc3+ 11. bxc3 Qxc3+ 12. Kf1 dxe4 13. Ne2 Qc4 14. Be5 O-O 15. Rh3 Bxh3 16. gxh3 Qe6 17. Qd4 Rad8 18. Qc3 Qxh3+ 19. Kg1 Qg4+ 20. Kf1 Qxh4 21. Ng3 Qh3+ 22. Ke2 Qg4+ 23. Kf1 h4 24. Ne2 h3 25. Ng3 Rd1+ 26. Rxd1 Qxd1+ 27. Qe1 Qxe1+ 28. Kxe1 Nxc5 29. Kf1 f6 30. Bd4 Ne6 31. Nxe4 Nxd4 32. exd4 Rc8 33. c3 Rc4 34. Kg1 Ra4 35. Kh2 Rxa2 36. Kxh3 Kf7 37. Kg3 a5 38. Kf3 a4 39. Nc5 a3 40. Nb3 Rb2 41. Na1 a2 42. Ke3 Rb1 43. Nc2 a1=Q 44. Nxa1 Rxa1 45. Kd3 Ra3 46. Kc4 Ke6 47. Kb4 Ra1 48. Kb5 Rc1 49. Kb6 Rxc3 50. Kxb7 Kd5 51. Kb6 Kxd4 52. Kb5 Rf3 53. Kb4 Rxf2 54. Kb3 Re2 55. Kb4 Rb2+ 56. Ka3 Kc3 57. Ka4 g5 58. Ka5 g4 59. Ka4 g3 60. Ka5 g2 61. Ka4 g1=Q 62. Ka5 Qa1# 0-1

[Event "Play for Durgesh Fundraiser Blitz"]
[Site "Vishy Anand Arena"]
[Date "2020.09.19"]
[Round "4"]
[White "Srivishva"]
[Black "Aryam_2006"]
[Result "1-0"]
[WhiteElo "1650"]
[BlackElo "1575"]
[Annotator "NA"]
[PlyCount "63"]
[EventDate "2020.09.19"]
[EventType "swiss (blitz)"]

1. e4 c5 2. d3 Nc6 3. f4 d6 4. Nf3 g6 5. g3 e6 6. Bg2 Bg7 7. O-O Nge7 8. Nc3 O-O 9. Bd2 Nd4 10. Nxd4 cxd4 11. Ne2 Qc7 12. Be1 Bd7 13. Bf2 Nc6 14. Rc1 e5 15. fxe5 dxe5 16. c3 dxc3 17. Rxc3 Be6 18. a3 Qd7 19. Qc2 Rad8 20. Re1 Rfe8 21. Rd1 Bg4 22. Be3 Bxe2 23. Qxe2 Nd4 24. Bxd4 Qd6 25. Bxa7 Qa6 26. Bc5 Rd7 27. Bb4 Red8 28. Bh3 Rd4 29. Bc5 Ra4 30. Bb4 Qb6+ 31. Qf2 Raa8 32. Qxb6 1-0

[Event "Play for Durgesh Fundraiser Blitz"]
[Site "Vishy Anand Arena"]
[Date "2020.09.19"]
[Round "4"]
[White "Tknayak101"]
[Black "aaronreeve"]
[Result "0-1"]
[WhiteElo "1648"]
[BlackElo "1865"]
[Annotator "NA"]
[PlyCount "66"]
[EventDate "2020.09.19"]
[EventType "swiss (blitz)"]

1. e4 d5 2. exd5 c6 3. Nf3 Nf6 4. d4 cxd5 5. c4 Nc6 6. Nc3 e6 7. cxd5 exd5 8. Bd3 Be7 9. O-O O-O 10. h3 h6 11. Be3 Bd6 12. Rc1 Bc7 13. a3 a6 14. Na4 Qd6 15. Nc5 Ng4 16. Re1 Nh2 17. b4 Re8 18. g4 h5 19. Ne5 Nxe5 20. dxe5 Qxe5 21. Be2 hxg4 22. Bxg4 Nxg4 23. Qxg4 Bxg4 24. hxg4 d4 25. f4 Qxe3+ 26. Rxe3 Rxe3 27. Kf2 Bxf4 28. Nxb7 d3 29. Rd1 Re2+ 30. Kf3 Rd2 31. Rxd2 Bxd2 32. Ke4 Rb8 33. Kxd3 Rxb7 0-1

[Event "Play for Durgesh Fundraiser Blitz"]
[Site "Vishy Anand Arena"]
[Date "2020.09.19"]
[Round "4"]
[White "Ahaanmehta"]
[Black "Zoyanizar"]
[Result "1-0"]
[WhiteElo "1647"]
[BlackElo "1370"]
[Annotator "NA"]
[PlyCount "75"]
[EventDate "2020.09.19"]
[EventType "swiss (blitz)"]

1. e4 c5 2. Nf3 e6 3. d4 cxd4 4. Nxd4 Nc6 5. Nc3 Nf6 6. Be3 Bb4 7. Bd3 O-O 8. Kf1 Ne5 9. f3 Qc7 10. Ncb5 Qd8 11. a3 Ba5 12. b4 Bb6 13. a4 a6 14. Nc3 Nc6 15. Nxc6 bxc6 16. Bg5 h6 17. Bh4 d5 18. e5 g5 19. Bg3 Nh5 20. a5 Bd4 21. Ra3 c5 22. bxc5 Bxc5 23. Ra2 Bb4 24. Ne2 Bb7 25. h4 Nxg3+ 26. Nxg3 Bc3 27. hxg5 Qxg5 28. Nh5 Bxe5 29. Ra4 d4 30. Qe1 Bc6 31. Ra3 Rab8 32. Kg1 Qe3+ 33. Qxe3 dxe3 34. Kf1 Bd4 35. Ke2 Bc5 36. Rh4 Bxa3 37. Rg4+ Kh8 38. Nf6 1-0

[Event "Play for Durgesh Fundraiser Blitz"]
[Site "Vishy Anand Arena"]
[Date "2020.09.19"]
[Round "4"]
[White "Abdulkalam25677853"]
[Black "kaukik"]
[Result "1-0"]
[WhiteElo "1643"]
[BlackElo "1510"]
[Annotator "NA"]
[PlyCount "65"]
[EventDate "2020.09.19"]
[EventType "swiss (blitz)"]

1. d4 Nf6 2. Nf3 e6 3. c4 Bb4+ 4. Bd2 Qe7 5. Nc3 O-O 6. e3 d6 7. Bd3 e5 8. dxe5 dxe5 9. Ne4 Bxd2+ 10. Qxd2 Nxe4 11. Bxe4 c6 12. O-O f5 13. Bc2 e4 14. Nd4 Rd8 15. Qc3 c5 16. Ne2 Nc6 17. Nf4 Be6 18. a3 a5 19. Rfd1 Bf7 20. Rac1 Ne5 21. Nd5 Bxd5 22. cxd5 b5 23. Bb3 c4 24. Bc2 b4 25. axb4 axb4 26. Qd4 Rd6 27. b3 c3 28. Qxb4 Nf3+ 29. Kh1 Qh4 30. h3 Rh6 31. d6 Qxf2 32. Qc4+ Kh8 33. Rd2 1-0

[Event "Play for Durgesh Fundraiser Blitz"]
[Site "Vishy Anand Arena"]
[Date "2020.09.19"]
[Round "4"]
[White "Castle_64"]
[Black "SatvikCV"]
[Result "1-0"]
[WhiteElo "1640"]
[BlackElo "1585"]
[Annotator "NA"]
[PlyCount "119"]
[EventDate "2020.09.19"]
[EventType "swiss (blitz)"]

1. e4 e5 2. Nf3 Nc6 3. Bb5 Bc5 4. O-O Nf6 5. c3 Nxe4 6. d4 exd4 7. cxd4 Bb6 8. d5 Ne7 9. Qe2 Nd6 10. Re1 Nxb5 11. Qxb5 O-O 12. Nc3 a6 13. Qb4 d6 14. Bg5 f6 15. Bf4 Bc5 16. Qe4 Re8 17. Na4 Bf5 18. Qe2 Nxd5 19. Qxe8+ Qxe8 20. Rxe8+ Rxe8 21. Nxc5 dxc5 22. Bg3 Nb4 23. Bxc7 Nc2 24. Rc1 Nb4 25. Rxc5 Nxa2 26. Rxf5 Nb4 27. Ba5 Nc6 28. Bc3 b5 29. h3 b4 30. Bd4 Nxd4 31. Nxd4 Re1+ 32. Kh2 Rb1 33. Ra5 Rxb2 34. Rxa6 Rd2 35. Nb3 Rxf2 36. Rb6 Rf4 37. Nc1 Rc4 38. Nd3 Rc3 39. Nxb4 Rb3 40. Nd5 Rxb6 41. Nxb6 Kf7 42. Kg3 Ke6 43. Kf4 Kd6 44. Nc4+ Kc5 45. Ne3 Kd4 46. Nf5+ Kd5 47. Nxg7 Kd6 48. Kf5 Ke7 49. Nh5 Kf7 50. Nxf6 h6 51. g4 Kg7 52. h4 Kf7 53. g5 hxg5 54. hxg5 Kg7 55. Nh5+ Kg8 56. g6 Kf8 57. Kf6 Kg8 58. g7 Kh7 59. Kf7 Kh6 60. g8=Q 1-0

[Event "Play for Durgesh Fundraiser Blitz"]
[Site "Vishy Anand Arena"]
[Date "2020.09.19"]
[Round "4"]
[White "NJ2004"]
[Black "advay_aggarwal"]
[Result "1-0"]
[WhiteElo "1632"]
[BlackElo "1602"]
[Annotator "NA"]
[PlyCount "55"]
[EventDate "2020.09.19"]
[EventType "swiss (blitz)"]

1. e4 e6 2. d4 d5 3. exd5 exd5 4. Nf3 Nf6 5. Bd3 Bd6 6. O-O O-O 7. Bg5 h6 8. Bh4 Nc6 9. c3 Bg4 10. Nbd2 Bxf3 11. Nxf3 g5 12. Bg3 Bxg3 13. hxg3 Qe7 14. Re1 Qd7 15. Bb5 a6 16. Ba4 b5 17. Bc2 Rfe8 18. Qd3 Rxe1+ 19. Rxe1 Re8 20. Ne5 Nxe5 21. dxe5 Qg4 22. Re3 Nd7 23. Qh7+ Kf8 24. Qxh6+ Ke7 25. Qc6 Rh8 26. Qxc7 Qh5 27. Qd6+ Kd8 28. Kf1 1-0

[Event "Play for Durgesh Fundraiser Blitz"]
[Site "Vishy Anand Arena"]
[Date "2020.09.19"]
[Round "4"]
[White "Dicedeepak"]
[Black "pranay20"]
[Result "0-1"]
[WhiteElo "1631"]
[BlackElo "1413"]
[Annotator "NA"]
[PlyCount "36"]
[EventDate "2020.09.19"]
[EventType "swiss (blitz)"]

1. e4 c5 2. Nf3 d6 3. d4 cxd4 4. Nxd4 Nf6 5. Nc3 g6 6. Bd3 Bg7 7. Be3 O-O 8. Qd2 Ng4 9. f3 Nxe3 10. Qxe3 Qb6 11. O-O-O Bxd4 12. Qe1 Be6 13. Kb1 Nc6 14. a3 Rfc8 15. Ka1 Ne5 16. Rb1 Nxd3 17. cxd3 Qb3 18. Nd5 Qxa3# 0-1

[Event "Play for Durgesh Fundraiser Blitz"]
[Site "Vishy Anand Arena"]
[Date "2020.09.19"]
[Round "4"]
[White "Stormingrage_60"]
[Black "Poorvi_2005"]
[Result "0-1"]
[WhiteElo "1630"]
[BlackElo "1660"]
[Annotator "NA"]
[PlyCount "114"]
[EventDate "2020.09.19"]
[EventType "swiss (blitz)"]

1. Nf3 d5 2. g3 e6 3. Bg2 c5 4. O-O Nf6 5. Ne5 Bd6 6. f4 O-O 7. Nc3 Qc7 8. Nf3 Nc6 9. d3 b6 10. Re1 Bb7 11. e4 dxe4 12. Nxe4 Nxe4 13. dxe4 Rad8 14. Qe2 e5 15. f5 Nd4 16. Qf2 Bc6 17. c3 Nxf3+ 18. Bxf3 f6 19. Be3 Qb7 20. Bc1 Be7 21. c4 Qa6 22. b3 Rd6 23. Bb2 Rfd8 24. Rad1 Rxd1 25. Rxd1 Rxd1+ 26. Bxd1 Qxa2 27. Bf3 Qb1+ 28. Kg2 Bxe4 29. Bxe4 Qxe4+ 30. Qf3 Qc2+ 31. Qf2 Qxb3 32. Bc1 Qxc4 33. Be3 Qd5+ 34. Kg1 e4 35. Qe1 Bd6 36. Qa1 Bb8 37. Qa6 Qd1+ 38. Kg2 Qf3+ 39. Kg1 Qxe3+ 40. Kg2 Qd2+ 41. Kg1 Qd8 42. Kf2 e3+ 43. Ke2 Qd2+ 44. Kf3 Qf2+ 45. Ke4 Qc2+ 46. Kxe3 Qc3+ 47. Kf2 Qd4+ 48. Ke2 Qe4+ 49. Kd2 Qd4+ 50. Kc2 Qd8 51. Qc4+ Kh8 52. Qc3 Be5 53. Qe3 Bd4 54. Qd3 b5 55. Qxb5 Be3 56. Kb3 Qd5+ 57. Ka4 Qa2# 0-1

[Event "Play for Durgesh Fundraiser Blitz"]
[Site "Vishy Anand Arena"]
[Date "2020.09.19"]
[Round "4"]
[White "Chessrover"]
[Black "Umsamarthrao"]
[Result "1-0"]
[WhiteElo "1620"]
[BlackElo "1620"]
[Annotator "NA"]
[PlyCount "47"]
[EventDate "2020.09.19"]
[EventType "swiss (blitz)"]

1. c4 e5 2. Nc3 Nc6 3. g3 Nf6 4. Bg2 Bc5 5. e3 O-O 6. Nge2 Re8 7. O-O d6 8. d4 exd4 9. exd4 Bb6 10. Na4 Bf5 11. Nxb6 axb6 12. Nf4 Na5 13. b3 Qe7 14. Bb2 Qd7 15. Nd5 Nxd5 16. Bxd5 Bg4 17. Qd2 Bh3 18. Rfe1 Rxe1+ 19. Rxe1 c5 20. dxc5 dxc5 21. Rd1 Re8 22. Qg5 g6 23. Qf6 Bg4 24. Qg7# 1-0

[Event "Play for Durgesh Fundraiser Blitz"]
[Site "Vishy Anand Arena"]
[Date "2020.09.19"]
[Round "4"]
[White "Jaivick123"]
[Black "Tusharsawant91"]
[Result "0-1"]
[WhiteElo "1620"]
[BlackElo "1606"]
[Annotator "NA"]
[PlyCount "38"]
[EventDate "2020.09.19"]
[EventType "swiss (blitz)"]

1. e4 e5 2. Nf3 Nc6 3. Bc4 Bc5 4. O-O Nf6 5. Nc3 O-O 6. d3 a6 7. Bd2 h6 8. Qe2 Nd4 9. Nxd4 Bxd4 10. Na4 b5 11. Bb3 bxa4 12. Bxa4 Bxb2 13. Rab1 Ba3 14. Bc1 Bxc1 15. Rbxc1 Bb7 16. Rb1 Rb8 17. Rfc1 d5 18. exd5 Qxd5 19. c4 Qxg2# 0-1

[Event "Play for Durgesh Fundraiser Blitz"]
[Site "Vishy Anand Arena"]
[Date "2020.09.19"]
[Round "4"]
[White "Jiakher"]
[Black "Palakchaurasia"]
[Result "0-1"]
[WhiteElo "1620"]
[BlackElo "1438"]
[Annotator "NA"]
[PlyCount "70"]
[EventDate "2020.09.19"]
[EventType "swiss (blitz)"]

1. e4 e5 2. Nf3 Nc6 3. d3 Nf6 4. Bg5 Bb4+ 5. Ke2 d6 6. Bxf6 Qxf6 7. c3 Bc5 8. Kd2 Bg4 9. h3 Bxf3 10. gxf3 O-O 11. d4 exd4 12. cxd4 Nxd4 13. Rg1 g6 14. Kd3 b6 15. b4 Bxb4 16. a3 Bc5 17. Nc3 Rfe8 18. Nb5 c6 19. Nc7 Rac8 20. Nxe8 Rxe8 21. e5 dxe5 22. Qa4 b5 23. Qd1 a6 24. h4 Qxh4 25. Rg4 Qf6 26. Bh3 Nxf3 27. Kc3 a5 28. Bg2 Nh4 29. Bxc6 b4+ 30. axb4 axb4+ 31. Kc4 Qd6 32. Qxd6 Bxd6 33. Bxe8 Nf5 34. Rg5 Nh6 35. Rh5 Ng4 0-1

[Event "Play for Durgesh Fundraiser Blitz"]
[Site "Vishy Anand Arena"]
[Date "2020.09.19"]
[Round "4"]
[White "KaranAbbi"]
[Black "Prasadm"]
[Result "0-1"]
[WhiteElo "1620"]
[BlackElo "1500"]
[Annotator "NA"]
[PlyCount "32"]
[EventDate "2020.09.19"]
[EventType "swiss (blitz)"]

1. e4 e5 2. Nf3 Nc6 3. Bc4 Bc5 4. c3 Nf6 5. d3 O-O 6. O-O d6 7. b3 Bg4 8. b4 Bb6 9. h3 Bxf3 10. gxf3 Ne7 11. Qb3 Ng6 12. Bxf7+ Rxf7 13. Bg5 Qd7 14. Nd2 Qxh3 15. Bxf6 gxf6 16. Rfb1 Nf4 0-1

[Event "Play for Durgesh Fundraiser Blitz"]
[Site "Vishy Anand Arena"]
[Date "2020.09.19"]
[Round "4"]
[White "Kaushik kh"]
[Black "Abhiharry726"]
[Result "0-1"]
[WhiteElo "1620"]
[BlackElo "1577"]
[Annotator "NA"]
[PlyCount "102"]
[EventDate "2020.09.19"]
[EventType "swiss (blitz)"]

1. e4 e5 2. Nf3 Nc6 3. Bc4 Nf6 4. Ng5 d5 5. exd5 b5 6. Bxb5 Qxd5 7. Bxc6+ Qxc6 8. O-O Bb7 9. f3 Ng4 10. Ne4 Nxh2 11. Kxh2 Qh6+ 12. Kg1 Bxe4 13. fxe4 Bc5+ 14. Rf2 Bxf2+ 15. Kxf2 Qf4+ 16. Kg1 Rd8 17. d3 Qxe4 18. Nc3 Qg6 19. Qe2 O-O 20. Be3 h5 21. Rf1 h4 22. Ne4 f5 23. Ng5 f4 24. Qg4 fxe3 25. Rxf8+ Rxf8 26. Qc4+ Kh8 27. Qxh4+ Kg8 28. Qc4+ Kh8 29. Qh4+ Qh6 30. Qf4 Rxf4 31. Nf7+ Kh7 32. Nxh6 gxh6 33. g3 Rf5 34. Kg2 e2 35. g4 e1=Q 36. gxf5 Qe2+ 37. Kg3 Qxc2 38. Kg4 Qxd3 39. f6 Qg6+ 40. Kf3 Qxf6+ 41. Ke3 Qf4+ 42. Kd3 h5 43. Kc2 h4 44. Kc3 h3 45. Kb3 h2 46. a3 h1=Q 47. Ka2 Qhe4 48. b3 Qc4 49. a4 Qd2+ 50. Ka3 Qcc2 51. a5 Qa2# 0-1

[Event "Play for Durgesh Fundraiser Blitz"]
[Site "Vishy Anand Arena"]
[Date "2020.09.19"]
[Round "4"]
[White "Kiyaan0511"]
[Black "PowerPufGirl"]
[Result "0-1"]
[WhiteElo "1620"]
[BlackElo "1234"]
[Annotator "NA"]
[PlyCount "36"]
[EventDate "2020.09.19"]
[EventType "swiss (blitz)"]

1. e4 d6 2. Nf3 a6 3. Nc3 h6 4. Bc4 e6 5. O-O Nf6 6. d3 Be7 7. e5 Ng4 8. exd6 Bxd6 9. h3 Nf6 10. Be3 O-O 11. Ne4 Nh7 12. Bc5 Nc6 13. Bxd6 cxd6 14. d4 d5 15. Bxd5 exd5 16. Nc3 Bxh3 17. gxh3 Ng5 18. Nxg5 Qxg5+ 0-1

[Event "Play for Durgesh Fundraiser Blitz"]
[Site "Vishy Anand Arena"]
[Date "2020.09.19"]
[Round "4"]
[White "Kmistry999"]
[Black "Aryn"]
[Result "1-0"]
[WhiteElo "1620"]
[BlackElo "1400"]
[Annotator "NA"]
[PlyCount "87"]
[EventDate "2020.09.19"]
[EventType "swiss (blitz)"]

1. e4 e5 2. Nf3 Nc6 3. Bb5 d6 4. O-O Nf6 5. Bxc6+ bxc6 6. d3 d5 7. Bg5 Be7 8. exd5 cxd5 9. Nc3 Bg4 10. h3 Bh5 11. d4 e4 12. g4 Bg6 13. Ne5 h6 14. Nxg6 hxg5 15. Nxh8 Bb4 16. Qd2 Qd7 17. a3 Bd6 18. Rfe1 O-O-O 19. Nxf7 Qxf7 20. Nb5 c6 21. Nxa7+ Kb8 22. Nxc6+ Kc8 23. Nxd8 Kxd8 24. Qa5+ Bc7 25. Qa8+ Kd7 26. Qb7 Kd6 27. Qa6+ Kd7 28. Qb5+ Kd6 29. c4 dxc4 30. Rec1 Ke7 31. Qc5+ Bd6 32. Qa7+ Ke6 33. Qa6 Qc7 34. Rxc4 Kd5 35. Rxc7 Bxc7 36. Qb7+ Kd6 37. Rc1 Ba5 38. Qa6+ Ke7 39. Qxa5 Ne8 40. Qa7+ Kf8 41. Rc8 e3 42. b4 g6 43. fxe3 Kg8 44. Rxe8# 1-0

[Event "Play for Durgesh Fundraiser Blitz"]
[Site "Vishy Anand Arena"]
[Date "2020.09.19"]
[Round "4"]
[White "Mithilesh2009"]
[Black "Deer25"]
[Result "1-0"]
[WhiteElo "1620"]
[BlackElo "1480"]
[Annotator "NA"]
[PlyCount "37"]
[EventDate "2020.09.19"]
[EventType "swiss (blitz)"]

1. e4 e5 2. Nf3 Nc6 3. d4 exd4 4. Ng5 Nf6 5. Bc4 d5 6. exd5 Nxd5 7. Nxf7 Kxf7 8. Qf3+ Ke6 9. O-O Bd6 10. Re1+ Ne5 11. Qxd5+ Kd7 12. Qe6+ Kc6 13. Qd5+ Kd7 14. Rxe5 c6 15. Qf7+ Be7 16. Be6+ Kd6 17. Bf4 Bxe6 18. Rxe6+ Kd7 19. Rd6+ 1-0

[Event "Play for Durgesh Fundraiser Blitz"]
[Site "Vishy Anand Arena"]
[Date "2020.09.19"]
[Round "4"]
[White "Supriya H B"]
[Black "Aryaman_tickoo"]
[Result "0-1"]
[WhiteElo "1620"]
[BlackElo "1328"]
[Annotator "NA"]
[PlyCount "72"]
[EventDate "2020.09.19"]
[EventType "swiss (blitz)"]

1. e4 c5 2. Nf3 Nc6 3. d4 cxd4 4. Nxd4 g6 5. Nc3 Bg7 6. Be3 Nxd4 7. Bxd4 e5 8. Bc5 Nf6 9. Bc4 b6 10. Bb4 a5 11. Ba3 Bf8 12. Bxf8 Kxf8 13. Qd6+ Kg7 14. O-O Rf8 15. Qxe5 Kg8 16. f4 d6 17. Qd5 Nxd5 18. Bxd5 Be6 19. Bxa8 Qxa8 20. Rad1 Rd8 21. a3 Bc4 22. Rf2 b5 23. Rfd2 b4 24. axb4 axb4 25. Nd5 Bxd5 26. Rxd5 Qa2 27. Rxd6 Rxd6 28. Rxd6 Qxb2 29. Rd2 b3 30. Rd8+ Kg7 31. cxb3 Qxb3 32. Kf2 Qb6+ 33. Kf3 Qxd8 34. g3 h5 35. h3 Qd3+ 36. Kf2 Qxe4 0-1